The noble scholar, jurist, historian


 His Excellency Dr. Abdul Wahhab bin Ibrahim Abu Sulaiman, may Allah have mercy on him.


 He was born in Umm Al-Qura in the year 1356 AH.

ياقوتة الحكام في مسائل القضاء والأحكام / (Record no. 14147)

MARC details
000 -LEADER
fixed length control field 02329cam a2200349 i 4500
003 - CONTROL NUMBER IDENTIFIER
control field SA-RiAUC
005 - DATE AND TIME OF LATEST TRANSACTION
control field 20260123145252.0
008 - FIXED-LENGTH DATA ELEMENTS--GENERAL INFORMATION
fixed length control field 260122s1909 mr g 000 0 ara c
040 ## - CATALOGING SOURCE
Original cataloging agency SA-RiAUC
Language of cataloging ara
Transcribing agency SA-RiAUC
Description conventions rda
082 04 - DEWEY DECIMAL CLASSIFICATION NUMBER
Classification number 266.1072064
082 04 - DEWEY DECIMAL CLASSIFICATION NUMBER
Classification number 231
Assigning agency SA-RiAUC
090 ## - LOCALLY ASSIGNED LC-TYPE CALL NUMBER (OCLC); LOCAL CALL NUMBER (RLIN)
Classification number (OCLC) (R) ; Classification number, CALL (RLIN) (NR) م ن231
Local cutter number (OCLC) ; Book number/undivided call number, CALL (RLIN) م و ل
100 1# - MAIN ENTRY--PERSONAL NAME
Personal name المولى عبد الحفيظ، عبد الحفيظ بن الحسن بن محمد،
Titles and words associated with a name سلطان المغرب،
Dates associated with a name 1280-1356 هجري
Relator term مؤلف.
245 10 - TITLE STATEMENT
Title ياقوتة الحكام في مسائل القضاء والأحكام /
Statement of responsibility, etc. مولاي عبد الحفيظ ؛ صححها محمد الأمين بن أحمد الوقف.
250 ## - EDITION STATEMENT
Edition statement الطبعة الأولى.
264 #1 - PRODUCTION, PUBLICATION, DISTRIBUTION, MANUFACTURE, AND COPYRIGHT NOTICE
Place of production, publication, distribution, manufacture [مكان النشر غير محدد] :
Name of producer, publisher, distributor, manufacturer [الناشر غير محدد]،
Date of production, publication, distribution, manufacture, or copyright notice [1909]
264 #3 - PRODUCTION, PUBLICATION, DISTRIBUTION, MANUFACTURE, AND COPYRIGHT NOTICE
Place of production, publication, distribution, manufacture فاس، المغرب :
Name of producer, publisher, distributor, manufacturer المطبعة المولوية
300 ## - PHYSICAL DESCRIPTION
Extent 126 صفحة ؛
Dimensions 28 سم
336 ## - CONTENT TYPE
Content type term نص
Content type code txt
Source rdacontent
Materials specified كتاب
337 ## - MEDIA TYPE
Media type term بدون وسيط
Media type code n
Source rdamedia
338 ## - CARRIER TYPE
Carrier type term مجلد
Carrier type code nc
Source rdacarrier
500 ## - GENERAL NOTE
General note قرظه محمد الخضر بن عبد الله بن ما يابي الجكني.
500 ## - GENERAL NOTE
General note ورد عليها "وافقه هذه النسخة ابتغاء وجه الكريم ... ومن أراد مطالعاته للاستفادة والله يوفق الجميع إلى ما يحبه ويرضيه، وقد وقفها حسين بن عبد الرحيم بن عبد الرحمن جمال الحريري غفر الله له ولمن دعا له وإلى جميع المسلمين أجمعين، ومن الله علينا ... محمد صلى الله عليه وسلم، فمن بدله بعدما سمعه فإنما إثمه على الذين يبدلونه، والله أعلم بالصواب وإليه المرجع ...
535 1# - LOCATION OF ORIGINALS/DUPLICATES NOTE
Custodian مديرية الأوقاف العامة.
650 #7 - SUBJECT ADDED ENTRY--TOPICAL TERM
Topical term or geographic name entry element القضاء الشرعي
Source of heading or term aucsh
700 1# - ADDED ENTRY--PERSONAL NAME
Personal name الوقف، محمد الأمين بن أحمد
Relator term مصحح.
856 4# - ELECTRONIC LOCATION AND ACCESS
Uniform Resource Identifier <a href="http://10.10.10.21/hipres/1388/book.Web/bookTestPage.html">http://10.10.10.21/hipres/1388/book.Web/bookTestPage.html</a>
856 4# - ELECTRONIC LOCATION AND ACCESS
Uniform Resource Identifier <a href="http://10.0.0.80:1112/M.Alsamman/1388.pdf">http://10.0.0.80:1112/M.Alsamman/1388.pdf</a>
942 ## - ADDED ENTRY ELEMENTS (KOHA)
Source of classification or shelving scheme Dewey Decimal Classification
Koha item type كتاب مصور نادر
Suppress in OPAC No
949 ## - LOCAL PROCESSING INFORMATION (OCLC)
a SA-JeALM
d 260122
u mohamedma123
n 1
Holdings
Withdrawn status Lost status Source of classification or shelving scheme Damaged status Not for loan Home library Current library Date acquired Total checkouts Full call number Barcode Date last seen Price effective from Koha item type
    Dewey Decimal Classification     DR AbdElwahab Library DR AbdElwahab Library 01/23/2026   م ن231 م و ل 000022593 01/23/2026 01/23/2026 كتاب مصور نادر